Bordering the European Union Quiz Stats

 Plays Quiz Updated Jan 31, 2020

Support Sporcle.
Go Orange.
Score 0/21 Timer 03:00
0 Plays Today
Border Country % Correct
2,257 kmRussia
97.1%
499 kmUnited Kingdom
93.1%
446 kmTurkey
90.7%
1,257 kmUkraine
80%
1,050 kmBelarus
71.2%
2,348 kmNorway
70.6%
1,811 kmSwitzerland
68.4%
1,186 kmSerbia
67.6%
3.2 kmVatican City
67.5%
25 kmMontenegro
66.2%
932 kmBosnia and Herzegovina
66.1%
Border Country % Correct
120.3 kmAndorra
63.6%
282 kmAlbania
62.3%
4.4 kmMonaco
61.8%
39 kmSan Marino
61.6%
394 kmNorth Macedonia
59.8%
450 kmMoldova
58.8%
34.9 kmLiechtenstein
57.6%
15.9 kmMorocco
42.7%
673 kmBrazil
32.3%
510 kmSuriname
28.8%

From the Vault

Multicategory A-Z Blitz III

by sproutcm

This quiz is like a 'choose your own adventure' through the alphabet.
Remove Ads.
Support Sporcle.
Get the best of Sporcle when you Go Orange. This ad-free experience offers more features, more stats, and more fun while also helping to support Sporcle. Thank you for becoming a member.

Show Comments

Extras

Top Quizzes Today


Score Distribution

Your Account Isn't Verified!

In order to create a playlist on Sporcle, you need to verify the email address you used during registration. Go to your Sporcle Settings to finish the process.

Report this User

Report this user for behavior that violates our Community Guidelines.

Details: